000 00192nam a22000977a 4500
082 _a822/PUR
100 _aCharan,.Arjun Deo
_981420
245 _aDharmayudh
650 _aPlay
_9123
942 _cBK
999 _c65420
_d65420